Normal view
MARC view
Entry Personal Name
001 - CONTROL NUMBER
- control field: 26998
003 - CONTROL NUMBER IDENTIFIER
- control field: Doon University
005 - DATE AND TIME OF LATEST TRANSACTION
- control field: 20260603130456.0
008 - FIXED-LENGTH DATA ELEMENTS
- fixed length control field: 260603|| aca||aabn | a|a d
040 ## - CATALOGING SOURCE
- Original cataloging agency: Doon University
- Transcribing agency: Doon University
100 ## - HEADING--PERSONAL NAME
- Personal name: Savin, William
670 ## - SOURCE DATA FOUND
- Source citation: Work cat.: (Doon University)60976: Gautreau, Ronald 26997, Schaum's Outline of Modern Physics, 2020